| 000 | 00880cad a22002055a 4500 | ||
|---|---|---|---|
| 001 | L156791 | ||
| 008 | 120716e20120206xxk f 000 0 eng d | ||
| 035 | _a(Sirsi) u156791 | ||
| 041 | 0 | _aeng | |
| 110 | 2 |
_aMarkit _95915 |
|
| 245 | 0 | 0 |
_aPMI shows solid reduction in construction activity _h[electronic resource] |
| 260 | _c2012 | ||
| 490 |
_aMarkit News Release _v5 July 2012 |
||
| 520 | _aMarkit Germany Construction PMI key points are: output levels fall on steeper decline in incoming new work, job creation returns despite downbeat outlook on future activity, and input price inflation slowest since July 2010. | ||
| 590 | _aKA | ||
| 651 | 4 |
_aGermany _y1990- |
|
| 690 |
_aConstruction management _96230 |
||
| 856 | 4 | 0 |
_uhttps://www.markiteconomics.com/MarkitFiles/Pages/ViewPressRelease.aspx?ID=9793 _zView this item free of charge at www.markiteconomics.com |
| 942 | _n0 | ||
| 999 |
_c114416 _d114416 |
||